Normal view
MARC view
- اللغة العربية-قواعد اللغة
Entry Topical Term
001 - CONTROL NUMBER
- control field: 7541
003 - CONTROL NUMBER IDENTIFIER
- control field: JO-AjAnu
005 - DATE AND TIME OF LATEST TRANSACTION
- control field: 20230606071523.0
008 - FIXED-LENGTH DATA ELEMENTS
- fixed length control field: 230606|| aca||aabn | a|a d
040 ## - CATALOGING SOURCE
- Original cataloging agency: JO-AjAnu
- Transcribing agency: JO-AjAnu
150 ## - HEADING--TOPICAL TERM
- Topical term or geographic name entry element: اللغة العربية-قواعد اللغة
670 ## - SOURCE DATA FOUND
- Source citation: Work cat.: (JO-AjAnu)3899: تاليف البكاء،محمد عبد المطلب, author 7540, منهج أبي سعيد السيرافي في شرح كتاب سيبويه